00501 a2200169 450000100060000004000370000610000210004324000410006424500360010530000080014136200090014944000160015865000310017494200070020595201020021299900170031476187 cAnchieta - Colégio São Paulo aMonteiro, Lobato10aOs doze trabalhos de Hérculeslpor10aOs doze trabalhos de Hércules a3600 a2005 1aBrasiliense 4aLiteratura infanto-juvenil cBK 00104070a88.1b88.1d2023-11-22l0o028.5 M775dp8498/CSPr2023-11-22 14:33:57w2023-11-22yBK c76187d76187